Geography containing EA-EZ - Statistics

General Stats
  • This quiz has been taken 15 times
  • The average score is 8 of 26
Answer Stats
Contains: Clue Answer % Correct
EB Middle Eastern country (7) Lebanon
87%
EE Considered the world's largest island (9) Greenland
80%
EC Land of learning and rational thought in ancient times (6) Greece
60%
EA Huge expanse of water with a peaceful name (12 letters) Pacific Ocean
60%
EX Site of the Great Library, in Egypt, one of the seven ancient wonders (10) Alexandria
53%
ET Mediocre tea production is traced to this Greek island (5) Crete
53%
EF Excellent obstacle of coral off the Australian coast (16) Great Barrier Reef
53%
EO City in Mexico, and Nicaragua (4) Leon
53%
ED Entered marina in a chaotic state, on a well-known sea (13) Mediterranean
47%
EU River which surges towards the Persian Gulf in pure haste (9) Euphrates
40%
EG Country on the Atlantic coast where sea and glen combine (7) Senegal
40%
EH Town often listed as a place of birth (9) Bethlehem
27%
EN European country which trumps all the others (8) Slovenia
27%
ER City in Uruguay where they go with the flow (6) Rivera
20%
ES See vinyl compilation in area near Paris (8) Yvelines
20%
EQ Peruvian city where they have painted the pier aqua (8) Arequipa
13%
EZ Zinc grapes grown at headland near Calais meaning "grey nose" (10) Cap Gris-Nez
13%
EI Alphabetically-backward city in Honduras, named after a type of tree (7) La Ceiba
13%
EW Island in the Bahamas where Nassau is, thanks to a bit of luck (13) New Providence
13%
EK Question and answer session is followed by a visit from Charles and the latest queen to a town in Lesotho (9) Qacha's Nek
13%
EY English port where one can ascertain how heavy a facial orifice is? (8) Weymouth
13%
EP Town in Panama where Porsche has engine removed and is then put through a car-crushing machine (5) Chepo
7%
EM City of Sierra Leone where the back end is subjected to a procedure to relieve constipation (6) Kenema
7%
EJ Old religious community near Hollywood which joins movies I edit (12) Mission Viejo
7%
EL Large port of Cape Verde where they care about nothing (7) Mindelo
0%
EV No bicarbonate flows back; there is a sticky situation up a mountain that's Bolivia's highest (12) Nevado Sajama
0%
No matching quizzes found
Score Distribution
Percent of People with Each Score
Percentile by Number Answered
Your Score History
You have not taken this quiz